000 00375nam a2200145Ia 4500
008 221030s9999 xx 000 0 und d
041 _aEnglish
082 _a105.23
100 _a-
245 0 _aProceedings of National Seminar On Energy Management
_cby -
260 _bInstitution Of Engineers (India)
_aAllahabad
_c1995
300 _a897
650 _aGeneral
942 _cBK
999 _c1059
_d1059